|
|
|
|
| LEADER |
00000nam a2200000 a 4500 |
| 005 |
20120228133126.0 |
| 007 |
cr|||| |||| |
| 008 |
101221s2010 sp 000 0 spa c |
| 017 |
|
|
|a DL AB. 458-2010
|
| 020 |
|
|
|a 9788415000099
|
| 035 |
|
|
|a 5803
|
| 040 |
|
|
|d vLex
|
| 080 |
|
|
|a 349.2(460)
|
| 090 |
|
|
|c 3038
|d 3038
|
| 100 |
1 |
|
|a Rodrg̕uez Rodrg̕uez, Emma
|
| 245 |
1 |
0 |
|a Instituciones de conciliacin̤ de trabajo con el cuidado de familiares
|h [Recurso electrn̤ico] /
|c Emma Rodrg̕uez Rodrg̕uez
|
| 256 |
|
|
|a Servicio en ln̕ea
|
| 260 |
|
|
|a Albacete :
|b Bomarzo,
|c 2010
|
| 300 |
|
|
|a 1 recurso electrn̤ico
|
| 504 |
|
|
|a Bibliografia: p.[275]-304. Índex
|
| 506 |
1 |
|
|a Contenido solo disponible en los productos indicados
|d vLex Global
|d vLex Global (Academic Edition, excluding Law Schools)
|d vLex Global (U.S. Academic Edition, Law Schools)
|d vLex Global (U.S. Academic Edition, excluding Law Schools)
|d vLex Global (Academic Edition, Law Schools)
|
| 650 |
0 |
4 |
|a Derecho de trabajo
|z Espaą
|
| 650 |
0 |
4 |
|a Trabajo y familia
|x Derecho
|z Espaą
|
| 650 |
0 |
4 |
|a Igualdad de oportunidades
|z Espaą
|
| 650 |
0 |
4 |
|a Conciliacin̤ laboral
|z Espaą
|
| 740 |
0 |
|
|a vLex Libros (Servicio en ln̕ea)
|
| 830 |
|
0 |
|a Estudios (Bomarzo)
|
| 856 |
4 |
0 |
|u http://vlex.com/source/instituciones-conciliacion-trabajo-cuidado-familiares-5803
|z Acceso restringido
|
| 942 |
|
|
|c BOOK
|
| 999 |
0 |
|
|a Labor laws and legislation
|
| 999 |
0 |
|
|a Work and family
|
| 999 |
0 |
|
|a Mediation and conciliation, Industrial
|